[Event "RSA-ch U10 Girls"]
[White "Nunnan, Yanti"]
[Black "Treadwell, Nadia"]
[Site "Gauteng"]
[Round "3"]
[Result "1-0"]
[Date "2017.04.06"]
[WhiteElo "861"]
[BlackElo "611"]
[PlyCount "29"]
[EventDate "2017.04.05"]
[EventType "swiss"]
[EventRounds "11"]
[EventCountry "RSA"]
[SourceTitle "CBM 177 Extra"]
[Source "ChessBase"]
[SourceDate "2017.04.27"]
[SourceVersion "1"]
[SourceVersionDate "2017.04.27"]
[SourceQuality "1"]

1. e4 e6 2. d4 d5 3. e5 c5 4. dxc5 Bxc5 5. Nc3 Nd7 6. Nf3 Ngf6 7. Bb5 a6 8. Bd3 Bxf2+ 9. Kxf2 Ng4+ 10. Ke1 Ngxe5 11. Nxe5 Nxe5 12. Be2 0-0 13. Bf4 Ng6 14. Be3 Qh4+ 15. Kd2 1-0